[Event "AUTO-OPEN-1134"]
[Site "http://www.queenalice.com/game.php?id=404257"]
[Date "2008.5.17"]
[Round "1"]
[White "afonso092"]
[Black "Loh"]
[Result "1-0"]
[WhiteElo "1842"]
[BlackElo "1588"]

1. e4 e5 2. Nf3 Nc6 3. Bc4 Nf6 4. d3 h6 5. O-O Bc5 6. Nc3 a6 7. a3 Nd4 8. Nxe5
Ne6 9. Nf3 d6 10. h3 Nd4 11. Nxd4 Bxd4 12. Nd5 Nxd5 13. Bxd5 Qf6 14. c3 Bb6 15.
d4 c6 16. Bb3 O-O 17. f4 Be6 18. Bxe6 fxe6 19. Qb3 Ba7 20. Qxb7 Rfc8 21. Qb3 d5
22. e5 Qg6 23. Qd1 a5 24. Be3 Rab8 25. b4 a4 26. Qf3 Rf8 27. g4 Rb7 28. Ra2 Rbf7
29. Raf2 Bb8 30. Qg2 Qh7 31. g5 hxg5 32. fxg5 g6 33. Rxf7 Rxf7 34. Rxf7 Qxf7 35.
Qf2 Qh7 36. Kg2 Bc7 37. Qf6 Qh5 38. Qxe6+ Kf8 39. Qc8+ Ke7 40. Qxc7+ Kf8 41.
Qxc6 Qe2+ 42. Bf2 Qe4+ 43. Kg3 Qd3+ 44. Kg2 Qe4+ 45. Kf1 Qh1+ 46. Ke2 Qe4+ 47.
Kd2 Qf4+ 48. Be3 Qh2+ 49. Kc1 Qh1+ 50. Kc2 Qe4+ 51. Kb2 Qg2+ 52. Kc1 Qf1+ 53.
Kc2 Qg2+ 54. Bd2 Qe4+ 55. Kb2 Ke7 56. Qxa4 1-0

[Event "AUTO-OPEN-1134"]
[Site "http://www.queenalice.com/game.php?id=404258"]
[Date "2008.5.17"]
[Round "1"]
[White "Loh"]
[Black "afonso092"]
[Result "0-1"]
[WhiteElo "1759"]
[BlackElo "1716"]

1. e4 e5 2. Nf3 d6 3. Nc3 Nf6 4. Bc4 h6 5. Nd5 Nxe4 6. d3 Nf6 7. Be3 Bg4 8. h3
Bh5 9. g4 Bg6 10. Nxf6+ Qxf6 11. g5 Qd8 12. Qd2 hxg5 13. Nxg5 Qd7 14. b3 d5 15.
Nf3 dxc4 16. Nxe5 Qe6 17. Nxg6 Qxg6 18. O-O-O cxb3 19. cxb3 Nd7 20. f4 b6 21.
Rdg1 Qf6 22. d4 O-O-O 23. Rg4 Qc6+ 0-1

[Event "AUTO-OPEN-1134"]
[Site "http://www.queenalice.com/game.php?id=404283"]
[Date "2008.5.17"]
[Round "1"]
[White "Loh"]
[Black "Gansothedark"]
[Result "1-0"]
[WhiteElo "1500"]
[BlackElo "1159"]

1. e4 e5 2. Nf3 d6 3. Nc3 Nf6 4. Bc4 Qe7 5. d3 Nc6 6. Bg5 h6 7. Bxf6 Qxf6 8. Nd5
Qd8 9. Qd2 Be6 10. O-O-O Qd7 11. d4 f5 12. Nxc7+ Qxc7 13. Bxe6 fxe4 14. d5 Nd4
15. Nxd4 exd4 16. Qxd4 Rc8 17. Bxc8 1-0

[Event "AUTO-OPEN-1134"]
[Site "http://www.queenalice.com/game.php?id=404284"]
[Date "2008.5.17"]
[Round "1"]
[White "Gansothedark"]
[Black "Loh"]
[Result "0-1"]
[WhiteElo "1195"]
[BlackElo "1530"]

1. d4 d5 2. Nf3 Nc6 3. e3 Bg4 4. Be2 Nf6 5. h3 Bh5 6. Nc3 a6 7. Bd3 e5 8. O-O e4
9. Nxd5 exd3 10. Nxf6+ Qxf6 11. cxd3 Bxf3 12. Qxf3 Qxf3 13. gxf3 O-O-O 14. f4 f5
15. a4 a5 16. e4 fxe4 17. dxe4 Nxd4 18. Be3 Nc2 19. Rac1 Nxe3 20. fxe3 Bb4 21.
Rc2 Rhe8 22. Rfc1 c6 23. e5 Bd2 24. Rd1 Bxe3+ 0-1

[Event "AUTO-OPEN-1134"]
[Site "http://www.queenalice.com/game.php?id=404285"]
[Date "2008.5.17"]
[Round "1"]
[White "Loh"]
[Black "papilon_br"]
[Result "1-0"]
[WhiteElo "1678"]
[BlackElo "1591"]

1. e4 e5 2. Nf3 Nf6 3. Nxe5 Qe7 4. d4 d6 5. Nf3 Qxe4+ 6. Be3 g6 7. Be2 Bg7 8.
Nc3 Qe7 9. h3 Be6 10. d5 Bd7 11. Qd3 c6 12. Bg5 Bf5 13. Qc4 Nbd7 14. dxc6 Ne5
15. Nxe5 Qxe5 16. O-O-O Rc8 17. c7 O-O 18. f4 Qe6 19. Qxe6 Bxe6 20. Bxf6 Bxf6
21. Nd5 Bxd5 22. Rxd5 Rxc7 23. Rxd6 Rfc8 24. Bd3 Be7 25. Rd5 a6 26. f5 Bf6 27.
fxg6 fxg6 28. g4 h6 29. Bxg6 Kg7 30. Bf5 Be7 31. Bxc8 1-0

[Event "Challenge"]
[Site "http://www.queenalice.com/game.php?id=409474"]
[Date "2008.5.28"]
[Round "-"]
[White "Loh"]
[Black "FlorentC"]
[Result "1-0"]
[WhiteElo "1626"]
[BlackElo "1486"]

1. e4 e5 2. Nf3 Nc6 3. Nc3 Nf6 4. Bc4 h6 5. d4 exd4 6. Nxd4 Nxd4 7. Qxd4 c5 8.
Qe5+ Qe7 9. Bf4 Qxe5 10. Bxe5 Be7 11. Nd5 Nxd5 12. exd5 O-O 13. O-O-O d6 14. Bc3
Bg5+ 15. Bd2 1-0

[Event "Challenge"]
[Site "http://www.queenalice.com/game.php?id=409848"]
[Date "2008.5.28"]
[Round "-"]
[White "ahmadov"]
[Black "Loh"]
[Result "1-0"]
[WhiteElo "1536"]
[BlackElo "1580"]

1. e4 e5 2. Nf3 Nc6 3. Bc4 h6 4. O-O Bc5 5. c3 d6 6. d4 exd4 7. cxd4 Bb6 8. Nc3
Na5 9. Bd3 c5 10. dxc5 dxc5 11. Bb5+ Bd7 12. Qxd7+ Qxd7 13. Bxd7+ Kxd7 14. Rd1+
Ke8 15. Bf4 Ne7 16. Nb5 Nc4 17. b3 Na5 18. Nd6+ Kf8 19. Ne5 1-0

[Event "Vamos lá!"]
[Site "http://www.queenalice.com/game.php?id=412656"]
[Date "2008.6.3"]
[Round "-"]
[White "JosimarCerqueira"]
[Black "Loh"]
[Result "1-0"]
[WhiteElo "1517"]
[BlackElo "1710"]

1. e4 e5 2. Nf3 Nc6 3. Bb5 Nf6 4. d3 a6 5. Ba4 b5 6. Bb3 h6 7. Nc3 Bb4 8. O-O
Bb7 9. Bd2 Nd4 10. Nxe5 Nxb3 11. axb3 Bxc3 12. Bxc3 d6 13. Nf3 c5 14. Re1 b4 15.
e5 Ne4 16. dxe4 bxc3 17. exd6 f6 18. bxc3 O-O 19. Qd3 a5 20. Qb5 Rf7 21. Qxc5
Rc8 22. Qxa5 Qxd6 23. Rad1 Qf4 24. Rd8+ Rxd8 25. Qxd8+ Kh7 26. Qd3 Re7 27. e5+
g6 28. exf6 Qxf6 29. Rxe7+ Qxe7 30. Kf1 Be4 31. Qe3 Qb7 32. Ne1 g5 33. f3 Bc6
34. Nd3 Bb5 35. c4 Bc6 36. Nc5 Qa8 37. Qe7+ Kg8 38. Ne6 Qa1+ 39. Kf2 Qa8 40.
Qg7# 1-0

[Event "Let's Play Chess!"]
[Site "http://www.queenalice.com/game.php?id=412657"]
[Date "2008.6.3"]
[Round "-"]
[White "Loh"]
[Black "JosimarCerqueira"]
[Result "0-1"]
[WhiteElo "1659"]
[BlackElo "1664"]

1. e4 e6 2. d4 d5 3. Nc3 dxe4 4. Nxe4 Nf6 5. Bd3 Nbd7 6. Nf3 Be7 7. Bg5 Nxe4 8.
Bxe7 Qxe7 9. Bxe4 O-O 10. Qd2 f5 11. Bd3 b6 12. O-O-O e5 13. dxe5 Nxe5 14. Nxe5
Qxe5 15. Rde1 Qf6 16. Qf4 Bb7 17. Qc4+ Kh8 18. f4 Bxg2 19. Rhg1 Be4 20. Bxe4
fxe4 21. Rxe4 Rf7 22. Rge1 Raf8 23. R1e3 c5 24. c3 Qh4 25. Qe2 Rxf4 26. Re8 h6
27. Rxf8+ Rxf8 28. Rg3 Qf4+ 29. Kc2 Qf2 30. Re3 Qxe2+ 31. Rxe2 Rf7 32. a4 a6 33.
Kd2 Rd7+ 34. Ke1 Kg8 35. Kf2 b5 36. a5 Kf7 37. Kg3 Kg6 38. Re6+ Kh5 39. Rxa6 b4
40. Rc6 Rd3+ 41. Kf4 bxc3 42. Rxc5+ g5+ 43. Ke4 cxb2 44. Rb5 Rd2 45. Rb6 Rxh2
46. a6 Kg4 47. a7 b1=Q+ 48. Rxb1 Ra2 49. Rb7 h5 50. Kd5 h4 51. Rb4+ Kg3 52. Rb3+
Kg4 53. Rb4+ Kf5 54. Rb7 h3 55. Kc6 h2 0-1

[Event "Challenge"]
[Site "http://www.queenalice.com/game.php?id=412672"]
[Date "2008.6.3"]
[Round "-"]
[White "jope"]
[Black "Loh"]
[Result "1-0"]
[WhiteElo "1625"]
[BlackElo "1698"]

1. e4 e5 2. Nf3 Nc6 3. a3 Nf6 4. Nc3 Bc5 5. h3 d6 6. Bc4 Be6 7. Be2 h6 8. d3 O-O
9. Bd2 d5 10. exd5 Bxd5 11. Nxd5 Nxd5 12. O-O Nf4 13. Bxf4 exf4 14. c3 Re8 15.
d4 Bd6 16. Bb5 a6 17. Bxc6 bxc6 18. c4 c5 19. d5 g5 20. Qd2 Qd7 21. b3 c6 22.
Nh2 h5 23. Nf3 f6 24. Qd3 Kg7 25. a4 Re7 26. Nh2 g4 27. hxg4 hxg4 28. f3 g3 29.
Ng4 f5 30. Qc3+ Kf8 31. Qf6+ Kg8 32. Qg6+ Kf8 33. Nf6 1-0

[Event "Challenge"]
[Site "http://www.queenalice.com/game.php?id=424137"]
[Date "2008.6.27"]
[Round "-"]
[White "Loh"]
[Black "dotromundo"]
[Result "0-1"]
[WhiteElo "1547"]
[BlackElo "1727"]

1. e4 e5 2. Nf3 d6 3. Nc3 a6 4. Bc4 b5 5. Bb3 Bb7 6. d4 exd4 7. Nxd4 c5 8. Bxf7+
Kxf7 9. Qf3+ Nf6 10. Nf5 Nbd7 0-1

[Event "AUTO-ADV-955"]
[Site "http://www.queenalice.com/game.php?id=424787"]
[Date "2008.6.29"]
[Round "1"]
[White "Marchess"]
[Black "Loh"]
[Result "1-0"]
[WhiteElo "2036"]
[BlackElo "1588"]

1. e4 e5 2. Nf3 Nc6 3. Bb5 a6 4. Ba4 b5 5. Bb3 h6 6. Nc3 Nf6 7. d3 d6 8. a3 Be7
9. Be3 Be6 10. Bxe6 fxe6 11. d4 O-O 12. Qd2 Na5 13. dxe5 1-0

[Event "AUTO-ADV-955"]
[Site "http://www.queenalice.com/game.php?id=424788"]
[Date "2008.6.29"]
[Round "1"]
[White "Loh"]
[Black "Marchess"]
[Result "0-1"]
[WhiteElo "1588"]
[BlackElo "2038"]

1. e4 d5 2. d3 dxe4 3. Bf4 exd3 4. cxd3 Bf5 5. g3 Nf6 6. Nf3 e6 7. Nc3 Bb4 8. a3
Bxc3+ 9. bxc3 Nd5 10. Bd2 Qf6 0-1

[Event "AUTO-ADV-955"]
[Site "http://www.queenalice.com/game.php?id=424805"]
[Date "2008.6.29"]
[Round "1"]
[White "Francisco_Ferraz"]
[Black "Loh"]
[Result "1-0"]
[WhiteElo "1717"]
[BlackElo "1628"]

1. b3 e5 2. Bb2 Nc6 3. e3 d5 4. Bb5 Bd7 5. Bxc6 Bxc6 6. Bxe5 Nf6 7. d3 Bd6 8.
Bb2 Qe7 9. a3 d4 10. Bxd4 Bxg2 11. Kd2 Bxh1 12. f3 c5 13. Bc3 Nd5 14. e4 Nxc3
15. Nxc3 Qg5+ 16. Ke2 1-0

[Event "AUTO-ADV-955"]
[Site "http://www.queenalice.com/game.php?id=424806"]
[Date "2008.6.29"]
[Round "1"]
[White "Loh"]
[Black "Francisco_Ferraz"]
[Result "0-1"]
[WhiteElo "1606"]
[BlackElo "1729"]

1. e4 c5 2. Nf3 d6 3. Bc4 e6 4. Nc3 a6 5. d4 b5 6. Bd3 Bb7 7. a3 g6 8. b3 Bg7 9.
e5 dxe5 10. dxe5 Bxf3 11. Qxf3 Nd7 12. Be4 Rb8 13. Bf4 Ne7 14. O-O-O O-O 15. Bc6
Nd5 16. Nxd5 Nxe5 0-1